Elektronické registračné pokladnice ako prostriedok a elimináciu daňových únikov

Právna úprava používania elektronických registračných pokladníc. Správne delikty a sankcie podľa zákona o používaní elektronickej registračnej pkladnice.

Guardado en:
Detalles Bibliográficos
Autor principal: Filo, Matúš
Formato: Capítulo de libro
Lenguaje:eslovaco
Materias:
Etiquetas: Agregar Etiqueta
Sin Etiquetas, Sea el primero en etiquetar este registro!

MARC

LEADER 00000naa a2200000 4500
001 0199072
005 20230918073348.0
041 0 |a slo 
044 |a SK 
245 1 0 |a Elektronické registračné pokladnice ako prostriedok a elimináciu daňových únikov  |c Matúš Filo 
520 |a Právna úprava používania elektronických registračných pokladníc. Správne delikty a sankcie podľa zákona o používaní elektronickej registračnej pkladnice. 
610 2 0 |a pokladnice registračné 
610 2 0 |a legislatíva 
610 2 0 |a únik daňový 
610 2 0 |a sankcie 
610 2 0 |a Slovensko 
100 1 |a Filo, Matúš